LEADER 00998nam a2200241 i 4500 001 000000247961 003 CaOOAMICUS 005 20160216000000.0 008 160216s1965 it u000 u ita u 013 $a226866 040 $aSeMil$bita 100 1 $aSchneider Graziosi, Raffaele.$0(OLS)http://semarc/name/82982 245 10$aUmanesimo ed esistenzialismo di Miguel de Unamuno /$cRaffaele Schneider Graziosi. 260 $aMilano ; Roma :$bGastaldi,$c1965. 300 $a99 p. ;$c19 cm . 490 0 $aCultura 650 4$aUnamuno, Miguel : de <1864-1936> - Pensiero filosofico.$0(OLS)http://semarc/subject/39994 830 0$aCultura.$0(OLS)http://semarc/title/6873 850 $aSeMil 852 $aSeMil$W1$xVenegono$y1$m1V I 245$j198307$B198307$CSeMilBibl$Z2$F210044 $81 961 $aLascito: Calori don Carlo 996 $6245$aUmanesimo ed esistenzialismo di Miguel de Unamuno$9(OLS)http://semarc/title/350029 996 $6260$aMilano ; Roma :$bGastaldi$9(OLS)http://semarc/publisher/39735 LEADER 00752nam a2200205 i 4500 001 000000181294 003 CaOOAMICUS 005 20090828000000.0 008 090828s1920 it u000 u ita u 013 $a159126 040 $aSeMil$bita 245 10$aFascicolo 6. 300 $a224 p. 490 0 $aStudi e testi ;$v33 700 1 $aFranchi de' Cavalieri, Pio,$d<1869-1960>.$0(OLS)http://semarc/name/9626 773 0 $aFranchi de' Cavalieri, Pio <1869-1960>$tNote agiografiche.$dRoma : Tipografia Vaticana, 1902.$w()21545 830 0$aStudi e testi ;$v33.$0(OLS)http://semarc/title/153 850 $aSeMil 852 $aSeMil$W1$xVenegono$y1$m3C V 58$j132035$B132035$CSeMilBibl$Z2$F143835 $81 996 $6245$aFascicolo 6$9(OLS)http://semarc/title/260264